Identification of DNA polymorphism among clones of Hevea brasiliensis Muell. arg. using RAPD analysis (Record no. 48793)

MARC details
000 -LEADER
fixed length control field 00596nam a2200205Ia 4500
100 ## - MAIN ENTRY--AUTHOR NAME
Personal name Venkatachalam P.
245 #0 - TITLE STATEMENT
Title Identification of DNA polymorphism among clones of Hevea brasiliensis Muell. arg. using RAPD analysis
260 ## - PUBLICATION, DISTRIBUTION, ETC. (IMPRINT)
Name of publisher Indian Journal of Natural Rubber Research
Year of publication 2002
300 ## - PHYSICAL DESCRIPTION
Number of Pages 172-181
650 ## - SUBJECT ADDED ENTRY--TOPICAL TERM
Topical Term DNA polymorphism
650 ## - SUBJECT ADDED ENTRY--TOPICAL TERM
Topical Term RAPD
700 ## - ADDED ENTRY--PERSONAL NAME
Personal name Gireesh T.
700 ## - ADDED ENTRY--PERSONAL NAME
Personal name Priya P.
700 ## - ADDED ENTRY--PERSONAL NAME
Personal name Saraswathyamma C.K.
700 ## - ADDED ENTRY--PERSONAL NAME
Personal name Thanseem I.
700 ## - ADDED ENTRY--PERSONAL NAME
Personal name Thomas S.
700 ## - ADDED ENTRY--PERSONAL NAME
Personal name Thulaseedharan A.
942 ## - ADDED ENTRY ELEMENTS (KOHA)
Koha item type Bibliography STAF
Holdings
Withdrawn status Lost status Damaged status Not for loan Home library Current library Shelving location Date acquired Serial Enumeration / chronology Koha item type
      Bibliography RRII Library RRII Library Biotechnology 09/04/2014 Volume 15, Issue 2 Bibliography STAF